| 000 | 01657cas a2200445 4500 | ||
|---|---|---|---|
| 001 | ocm02639456 | ||
| 003 | TZ-ArACH | ||
| 005 | 20250211130345.0 | ||
| 008 | 761222c19739999sa x p gov 0 a0afr | ||
| 010 | _a 74641250 | ||
| 022 | 0 |
_a1466-3597 _22 |
|
| 035 | _a(OCoLC)2639456 | ||
| 040 |
_aDLC _beng _cTZ-ArACH |
||
| 041 | 0 |
_aafr _aeng |
|
| 042 | _apcc | ||
| 043 | _af-sa--- | ||
| 049 | _aTZAA | ||
| 050 | 0 | 0 |
_aK23 _b.C57 2021 |
| 130 | 0 | _aDe jure (Pretoria, South Africa) | |
| 222 | 0 | _aDe jure (Pretoria. Print) | |
| 245 | 1 | 0 |
_aDe Jure Law Journal, Vol 54, 2021 : _bSpecial focus on Implementing regional human rights standards in East and West Africa _cPretoria University Law Press. |
| 260 |
_aPretoria: _bPretoria University Law Press; _c2021. |
||
| 300 |
_aVol 54, 2021 (Pages 401-552). _c22-25 cm |
||
| 310 | _aIrregular | ||
| 362 | 0 | _av. 6- 1973- | |
| 500 | _aPublished: Pretoria, Fakulteit Regsgeleerdheid, Univ. van Pretoria, 1973- ; Durban, Butterworths, <1991->; LexisNexis Butterworths, <2003->; Pretoria University Law Press, <2017-> | ||
| 546 | _aAfrikaans and English. | ||
| 650 | 0 |
_aLaw _zSouth Africa _vPeriodicals. |
|
| 650 | 0 |
_aLaw reviews _zSouth Africa. |
|
| 650 | 7 |
_aLaw. _2fast |
|
| 650 | 7 |
_aLaw reviews. _2fast |
|
| 651 | 7 |
_aSouth Africa. _2fast |
|
| 655 | 7 |
_aPeriodicals. _2fast |
|
| 710 | 2 |
_aUniversity of Pretoria. _bFaculty of Law. |
|
| 776 | 0 | 8 |
_iOnline version: _tDe jure (Pretoria, South Africa) _x2225-7160 _w(DLC) 2020256901 _w(OCoLC)780386634 |
| 780 | 0 | 0 |
_tScintilla iuris _w(DLC) 73644904 _w(OCoLC)2853444 |
| 936 |
_a1973; _ajaarg. 40, v. 1 (2007) |
||
| 942 |
_2lcc _cBOOK |
||
| 999 |
_c7456 _d7456 |
||